000 00939cam a2200277 a 4500
001 16932210
005 20170105102915.0
008 110823s2012 ctuaf 000 0 eng
010 _a 2011033287
020 _a9780300175325 (cl : alk. paper)
040 _aDLC
_cDLC
_dDLC
042 _apcc
050 0 0 _aHV5816
_b.D67 2012
082 0 0 _a362.29/309
_223
100 1 _aDormandy, Thomas.
245 1 0 _aOpium :
_breality's dark dream /
_cThomas Dormandy.
260 _aNew Haven :
_bYale University Press,
_c2012.
300 _ax, 366 p., [16] p. of plates :
_bill. ;
_c24 cm.
504 _aIncludes bibliographical references (p. [326]-348) and index.
650 0 _aOpium abuse
_xHistory.
650 0 _aOpium trade
_xHistory.
650 0 _aOpium
_xHistory.
906 _a7
_bcbc
_corignew
_d1
_eecip
_f20
_gy-gencatlg
942 _2ddc
_cBK
999 _c15297
_d15297